000 00359nam a22001457a 4500
008 230411b |||||||| |||| 00| 0 eng d
020 _a9780062295057
082 _a813.54
100 _aAmy Zhang
245 _aFalling into Place
260 _bGreenwillow Books,
_c2015
300 _a312 p.
_c20.5 cm
942 _2ddc
999 _c9522
_d9523